J'adore ma VIE (Record no. 14040)

MARC details
010 ## - Numéro international normalisé du livre (ISBN)
ISBN 9782487746237
Disponibilité et/ou prix 15 EUR
099 ## - Visibilité opac
notice masquée en opac Non
100 ## - Données générales de traitement
Données générales de traitement 20260311d2026 m y0frey50 ba
101 0# - Langue de la ressource
Langue du texte, de la bande son, etc. français
102 ## - Pays de publication ou de production
Pays de publication France
200 1# - Titre et mention de responsabilité
Titre propre J'adore ma VIE
Indication générale du type de document
Complément du titre suivi de Gilbert
214 #0 - Mentions de production, publication, diffusion et manufacture
Nom de l’éditeur Esse que éditions
Date de publication 2026
214 #3 - Mentions de production, publication, diffusion et manufacture
Nom de l’éditeur Impr. Typolibris
215 ## - Description physique
Nombre de pages 1 vol. (168 p.)
225 1# - Collection
Titre de la collection Théâtre musical
330 ## - Résumé ou extrait
Texte de la note J adore ma VIE <br/>Théâtre Musical <br/>Elle s appelle Trousse, comme une trousse. Il s appelle Bacon, comme le bacon. Ils ont un fils de trois ans, Kant. Ils vivent à la Grande Époque de nos Jours. Trousse a une révélation. Elle veut faire quelque chose d important dans sa vie. Sur ce, arrive Chair Fraîche. C est à ce moment-là que tout va vraiment commencer. Fable sentimentale contemporaine sur la réalisation de soi, J adore ma VIE prend la forme d une comédie musicale à la fois détonante et émouvante. <br/><br/>Gilbert <br/>Petite forme théâtrale et musicale dédiée au hors les murs Simone tombe amoureuse de Gilbert. Gilbert tombera-t-il amoureux de Simone? Une table, trois chaises, trois comédiens qui jouent et chantent suffisent à donner vie à ce récit loufoque et jouissif. <br/><br/>Sonia Bester est autrice, metteuse en scène et directrice artistique de la compagnie de théâtre musical Madamelune. Elle a écrit et mis en scène plusieurs spectacles dont La Tragédie du Belge, Ah! Félix (n est pas le bon titre), Comprendre ( Lauréat Fonds SACD Théâtre). Avec le diptyque J adore ma VIE et Gilbert, elle continue de creuser son sillon, faisant entendre sa voix décalée, drôle et poétique, pleine de fantaisie.
610 ## - Mot-clé
Mot-clé musique
-- comédie musicale
-- couple
-- amour
700 ## - Auteur principal
Nom Bester
Prénom Sonia
105 ## - Zone de données codées : textes, monographies
Données codées sur les monographies textuelles ||||z 00|||
181 #0 - Zone de données codées : Forme de la ressource
Données de liaison entre champs 01
Forme du contenu selon l’ISBD sous forme codée i
Qualificatif(s) du contenu selon l’ISBD sous forme codée xxxe
181 ## - Zone de données codées : Forme de la ressource
Données de liaison entre champs 02
Autre référentiel utilisé pour coder la forme du contenu texte
Code du référentiel rdacontent
182 #0 - Zone de données codées : type de média
Données de liaison entre champs 01
Type de médiation selon l’ISBD sous forme codée sans média
182 ## - Zone de données codées : type de média
Données de liaison entre champs 02
Autre référentiel utilisé pour coder le type de médiation sans média
Code du référentiel rdamedia
214 #0 - Mentions de production, publication, diffusion et manufacture
Lieu de publication, production, distribution/diffusion, fabrication Pantin
214 #3 - Mentions de production, publication, diffusion et manufacture
Lieu de publication, production, distribution/diffusion, fabrication 22-Saint-Brieuc cedex 9
215 ## - Description physique
Dimensions 19 cm
700 ## - Auteur principal
Eléments ajoutés aux noms autres que les dates Auteur du texte
801 #0 - Origine de la notice
Pays FR
Agence de catalogage FR-751131015
Date de la transaction 20260311
Règles de catalogage utilisées AFNOR
Identifiant d'origine FRBNF48727015000000X
Code du format utilisé intermrc
856 #2 - Adresse électronique et mode d’accès
Uniform Resource Identifier 1187136
Numéro d'accès Première de couverture
856 #2 - Adresse électronique et mode d’accès
Uniform Resource Identifier 1187137
Numéro d'accès Quatrième de couverture
000 -Etiquette de la notice
Leader 02331nam a2200385 4500
003 - Identifiant de la notice
Identifiant http://catalogue.bnf.fr/ark:/12148/cb48727015x
005 - Identifiant de la version
Identifiant 20260326095752.0
073 #0 - EAN
Numéro normalisé 9782487746237
Holdings
Exclu du prêt Date de création Site actuel Code barre Date prix de remplacement Cote Statut Site de rattachement Type de document Koha
  26.03.2026 Théâtre Joliette JOL-007740 26.03.2026 TH BES X   Théâtre Joliette Livre